|
|
|
|
| LEADER |
01991nam a22003733i 4500 |
| 001 |
EBC7015396 |
| 003 |
MiAaPQ |
| 005 |
20231204023225.0 |
| 006 |
m o d | |
| 007 |
cr cnu|||||||| |
| 008 |
231204s2022 xx o ||||0 ger d |
| 020 |
|
|
|a 9783110760200
|q (electronic bk.)
|
| 035 |
|
|
|a (MiAaPQ)EBC7015396
|
| 035 |
|
|
|a (Au-PeEL)EBL7015396
|
| 035 |
|
|
|a (OCoLC)1291634832
|
| 040 |
|
|
|a MiAaPQ
|b eng
|e rda
|e pn
|c MiAaPQ
|d MiAaPQ
|
| 100 |
1 |
|
|a Gertzen, Thomas L.
|
| 245 |
1 |
0 |
|a Aber Die Zeit Fürchtet Die Pyramiden :
|b Die Wissenschaften Vom Alten Orient und Die Zeitliche Dimension Von Kulturgeschichte.
|
| 250 |
|
|
|a 1st ed.
|
| 264 |
|
1 |
|a Berlin/Boston :
|b Walter de Gruyter GmbH,
|c 2022.
|
| 264 |
|
4 |
|c {copy}2022.
|
| 300 |
|
|
|a 1 online resource (278 pages)
|
| 336 |
|
|
|a text
|b txt
|2 rdacontent
|
| 337 |
|
|
|a computer
|b c
|2 rdamedia
|
| 338 |
|
|
|a online resource
|b cr
|2 rdacarrier
|
| 490 |
1 |
|
|a Chronoi Series ;
|v v.4
|
| 520 |
|
|
|a Chronoi. Zeit, Zeitempfinden, Zeitordnungen - Time, Time Awareness, Time Management ist eine akademische Buchreihe, die Forschungsergebnisse publiziert, die aus der Arbeit des Einstein Center Chronoi hervorgegangen sind. Das Einstein Center Chronoi wurde gegründet, um Zeit und verwandte Aspekte wie Zeitbewusstsein, Zeitmanagement, Zeitwahrnehmung und Zeitlichkeit in interdisziplinärer und transdisziplinärer Weise zu untersuchen.
|
| 588 |
|
|
|a Description based on publisher supplied metadata and other sources.
|
| 590 |
|
|
|a Electronic reproduction. Ann Arbor, Michigan : ProQuest Ebook Central, 2023. Available via World Wide Web. Access may be limited to ProQuest Ebook Central affiliated libraries.
|
| 655 |
|
4 |
|a Electronic books.
|
| 776 |
0 |
8 |
|i Print version:
|a Gertzen, Thomas L.
|t Aber Die Zeit Fürchtet Die Pyramiden
|d Berlin/Boston : Walter de Gruyter GmbH,c2022
|
| 797 |
2 |
|
|a ProQuest (Firm)
|
| 830 |
|
0 |
|a Chronoi Series
|
| 856 |
4 |
0 |
|u https://ebookcentral.proquest.com/lib/matrademy/detail.action?docID=7015396
|z Click to View
|